000 00341nam a22001337a 4500
008 170607b xxu||||| |||| 00| 0 eng d
020 _a1879215217
041 _aeng
080 _a343.9
100 _a14
101 _aSHJ
245 _aA REALISTIC GUIDE TO CRIMINAL JUSTICE CAREERS FOR COLLEGE GRADUATE
_cHENRY.S
942 _2udc
_cBK
999 _c16208
_d16208